प्रतियोगी भारतीय इतिहास (Record no. 1364)

MARC details
000 -LEADER
fixed length control field 01032 a2200229 4500
005 - DATE AND TIME OF LATEST TRANSACTION
control field 20080908170756.0
008 - FIXED-LENGTH DATA ELEMENTS--GENERAL INFORMATION
fixed length control field 080908t xxu||||| |||| 00| 0 hin d
010 ## - LIBRARY OF CONGRESS CONTROL NUMBER
LC control number HIN-79209
020 ## - INTERNATIONAL STANDARD BOOK NUMBER
Terms of availability 600.00
035 ## - SYSTEM CONTROL NUMBER
System control number HN-51555
037 ## - SOURCE OF ACQUISITION
Source of stock number/acquisition D.B.Act / pub
082 ## - DEWEY DECIMAL CLASSIFICATION NUMBER
Classification number 954
100 ## - MAIN ENTRY--PERSONAL NAME
Personal name माथुर, एस.के.
245 ## - TITLE STATEMENT
Title प्रतियोगी भारतीय इतिहास
Statement of responsibility, etc एस.के.माथुर
260 ## - PUBLICATION, DISTRIBUTION, ETC. (IMPRINT)
Place of publication, distribution, etc जयपुर
Name of publisher, distributor, etc रिसर्च पब्लिकेशन्स
Date of publication, distribution, etc 2006 (पु.मु.)
270 ## - ADDRESS
Address 89, त्रिपोलिया बाजार
City जयपुर
Postal code 2
Telephone number 014102318415
300 ## - PHYSICAL DESCRIPTION
Extent भाग-1(vi,359)पृ
Dimensions 22 सेमी (सजिल्द)
490 ## - SERIES STATEMENT
Volume number/sequential designation भाग1
700 ## - ADDED ENTRY--PERSONAL NAME
Personal name शर्मा, के.के.
942 ## - ADDED ENTRY ELEMENTS (KOHA)
Institution code [OBSOLETE] dpl
Koha item type Hindi Books
Call number prefix 954 / माथुर
Source of classification or shelving scheme Dewey Decimal Classification
Classification part 954
Call number suffix माथुर
Holdings
Withdrawn status Lost status Damaged status Not for loan Collection code Home library Current library Date acquired Cost, normal purchase price Total Checkouts Full call number Barcode Date last seen Copy number Uniform Resource Identifier Cost, replacement price Price effective from Koha item type
      Not For Loan Non-fiction D.B.Act.Division D.B.Act.Division 08/09/2008 600.00   954 माथुर HN-51555 15/09/2008 1 1438 600.00 15/09/2008 Hindi Books

© Delhi Public Library
Hit Counter
free hit counter